[Event "Pan American-ch U10"]
[Site "Santiago de Chile"]
[Date "2018.07.27"]
[Round "8"]
[White "Frajman Kierszenson, Lior"]
[Black "Bravo Mendoza, Diego Eduardo"]
[Result "1/2-1/2"]
[WhiteElo "1220"]
[BlackElo "1197"]
[PlyCount "80"]
[EventDate "2018.07.22"]
[EventType "swiss"]
[EventRounds "9"]
[EventCountry "CHI"]
[SourceTitle "EXT 2022"]
[Source "ChessBase"]
[SourceDate "2021.10.06"]
[SourceVersion "1"]
[SourceVersionDate "2021.10.06"]
[SourceQuality "1"]

1. e4 e6 2. d3 d5 3. Nd2 Nf6 4. g3 b6 5. Bg2 Bb7 6. f4 Be7 7. e5 Nfd7 8. d4 c5 9. c3 Nc6 10. Ngf3 Qc7 11. 0-0 0-0 12. Qc2 Rfc8 13. Nb3 cxd4 14. Nfxd4 Nxd4 15. Nxd4 Ba6 16. Re1 Bc5 17. Be3 g6 18. Bf1 Bxf1 19. Rxf1 Bxd4 20. Bxd4 Nc5 21. Bxc5 Qxc5+ 22. Qf2 Qxf2+ 23. Kxf2 Rc4 24. Rad1 Rac8 25. Rd4 Kf8 26. Rfd1 Ke7 27. Rxc4 Rxc4 28. Rd4 Rxd4 29. cxd4 f5 30. Ke3 h6 31. Kd3 Kf7 32. h4 g5 33. h5 gxf4 34. gxf4 Ke7 35. Kc3 Kd7 36. Kb4 Kc6 37. b3 a6 38. Ka4 Kb7 39. b4 b5+ 40. Ka5 Ka7 1/2-1/2

[Event "Pan American-ch U10"]
[Site "Santiago de Chile"]
[Date "2018.07.25"]
[Round "5"]
[White "De la Cruz Navarro, Martin Leonardo"]
[Black "Bravo Mendoza, Diego Eduardo"]
[Result "1-0"]
[WhiteElo "1732"]
[BlackElo "1197"]
[PlyCount "71"]
[EventDate "2018.07.22"]
[EventType "swiss"]
[EventRounds "9"]
[EventCountry "CHI"]
[SourceTitle "EXT 2022"]
[Source "ChessBase"]
[SourceDate "2021.10.06"]
[SourceVersion "1"]
[SourceVersionDate "2021.10.06"]
[SourceQuality "1"]

1. d4 Nf6 2. Nf3 e6 3. Bf4 b6 4. Nbd2 Bb7 5. e3 Be7 6. Bd3 Nh5 7. Bg3 d6 8. e4 Nd7 9. c4 c5 10. Qe2 Nxg3 11. hxg3 cxd4 12. Nxd4 Bf6 13. N2b3 Ne5 14. Rd1 Nc6 15. Bb1 Qe7 16. Nxc6 Bxc6 17. Nd4 Bxd4 18. Rxd4 0-0-0 19. a3 h6 20. b4 Rhe8 21. Rd3 Kb8 22. Re3 Qf6 23. 0-0 Rh8 24. e5 dxe5 25. Rxe5 Rd7 26. c5 b5 27. Re3 a6 28. Bd3 h5 29. Be4 Kc7 30. Bxc6 Kxc6 31. Rd1 Qe7 32. Red3 Rxd3 33. Rxd3 Kc7 34. Qe5+ Kb7 35. Rd6 Rd8 36. Qe4+ 1-0

[Event "Pan American-ch U10"]
[Site "Santiago de Chile"]
[Date "2018.07.24"]
[Round "4"]
[White "Bravo Mendoza, Diego Eduardo"]
[Black "Ticona Rocabado, Licael Roderick"]
[Result "1/2-1/2"]
[WhiteElo "1197"]
[BlackElo "1493"]
[PlyCount "91"]
[EventDate "2018.07.22"]
[EventType "swiss"]
[EventRounds "9"]
[EventCountry "CHI"]
[SourceTitle "EXT 2022"]
[Source "ChessBase"]
[SourceDate "2021.10.06"]
[SourceVersion "1"]
[SourceVersionDate "2021.10.06"]
[SourceQuality "1"]

1. d4 b6 2. c4 Bb7 3. Nc3 Nf6 4. Nf3 e6 5. g3 d6 6. Bg2 Nbd7 7. 0-0 Be7 8. b3 0-0 9. Bb2 a6 10. Re1 c5 11. e4 cxd4 12. Nxd4 Nc5 13. Rc1 e5 14. Nc2 Qc7 15. Nb4 Qd7 16. Nbd5 Nxd5 17. Nxd5 Bxd5 18. Qxd5 Qb7 19. Qxb7 Nxb7 20. Rcd1 Rfd8 21. Rd2 Nc5 22. Red1 a5 23. h4 h6 24. f3 a4 25. b4 Na6 26. a3 Rac8 27. Rc2 Rc7 28. Rdc1 g5 29. h5 Nb8 30. Bh3 Nd7 31. Bxd7 Rdxd7 32. g4 f6 33. Kf2 Rd8 34. Ke3 Rdc8 35. Rc3 Kf7 36. Kd3 Kg8 37. R1c2 Rd7 38. Bc1 Bd8 39. Be3 Kf7 40. Rc1 Ke6 41. R3c2 Kf7 42. Rc3 Ke6 43. R3c2 Kf7 44. b5 Ke6 45. Kc3 Kf7 46. Kb4 1/2-1/2

[Event "Pan American-ch U10"]
[Site "Santiago de Chile"]
[Date "2018.07.23"]
[Round "3"]
[White "Caceres Sandoval, Eduardo"]
[Black "Bravo Mendoza, Diego Eduardo"]
[Result "0-1"]
[WhiteElo "1451"]
[BlackElo "1197"]
[PlyCount "153"]
[EventDate "2018.07.22"]
[EventType "swiss"]
[EventRounds "9"]
[EventCountry "CHI"]
[SourceTitle "EXT 2022"]
[Source "ChessBase"]
[SourceDate "2021.10.06"]
[SourceVersion "1"]
[SourceVersionDate "2021.10.06"]
[SourceQuality "1"]

1. e4 e6 2. d4 d5 3. Nc3 dxe4 4. Nxe4 Nd7 5. Nf3 Ngf6 6. Nxf6+ Nxf6 7. Bg5 Be7 8. Bd3 0-0 9. 0-0 h6 10. Bf4 b6 11. c3 Bb7 12. Ne5 c5 13. dxc5 Bxc5 14. Qe2 Qd5 15. Nf3 Rfd8 16. Rfd1 Qc6 17. Bb5 Qe4 18. Qxe4 Bxe4 19. Be2 Bc2 20. Rxd8+ Rxd8 21. Rc1 Ba4 22. b3 Bc6 23. Rd1 Rxd1+ 24. Bxd1 Ne4 25. Bd2 Nxf2 26. Be2 Bxf3 27. b4 Bxe2 28. bxc5 Ne4 29. c6 Nd6 30. Bf4 Nc8 31. a4 Kf8 32. Kf2 Bc4 33. g3 Bb3 34. Ke3 Bxa4 35. c7 Ke7 36. Kd4 f6 37. Bd2 Kd6 38. c4 Kxc7 39. c5 Kc6 40. cxb6 axb6 41. g4 Bd1 42. h3 Bf3 43. Ke3 Bg2 44. h4 Kd5 45. Kf2 Be4 46. g5 hxg5 47. hxg5 f5 48. Kg3 e5 49. Kh4 g6 50. Be1 b5 51. Bb4 Kc4 52. Ba5 b4 53. Bc7 b3 54. Bxe5 Kd3 55. Kg3 Kc2 56. Kf4 b2 57. Bxb2 Kxb2 58. Ke5 Kc3 59. Kf4 Kd4 60. Kg3 Ke3 61. Kh2 Kf4 62. Kh3 Kxg5 63. Kg3 f4+ 64. Kf2 Kg4 65. Kg1 Kg3 66. Kf1 f3 67. Ke1 f2+ 68. Ke2 f1Q+ 69. Kxf1 Kf3 70. Kg1 g5 71. Kf1 g4 72. Kg1 g3 73. Kf1 g2+ 74. Kg1 Nd6 75. Kh2 Kf2 76. Kh3 g1Q 77. Kh4 0-1